| 000 | 01106nam0a2200313 4500 | ||
|---|---|---|---|
| 001 | RU\NLR\bibl\132119 | ||
| 005 | 20250618041750.0 | ||
| 010 |
_a5-93556-010-0 _913000 |
||
| 021 |
_aRU _b2000-14493п _9535п |
||
| 035 | _a(NLR Aleph) 000129411 | ||
| 090 |
_a738756 _c738756 |
||
| 100 | _a20010205d2000 |||y0rusy50 ca | ||
| 101 | 0 | _arus | |
| 102 | _aRU | ||
| 105 | _aa ||||||||| | ||
| 200 | 1 |
_aНепобедимый Олаф _e[Фантаст. романы] _fАндрей Льгов |
|
| 210 |
_aМ. _cАРМАДА _cАльфа-кн. _d2000 |
||
| 215 |
_a493, [2] с. _cил. _d21 |
||
| 225 | 1 |
_aФантастический боевик _vВып. 150 |
|
| 327 | 1 | _aСодерж.: Олаф Торкланд и принц данов; Олаф Торкланд в стране туманов | |
| 686 | _aШ6(2=Р)75-445 | ||
| 700 | 1 |
_aЛьгов _bА. А. _gАндрей Александрович _4070 |
|
| 801 | 0 |
_aRU _bNLR _c20010205 _gPSBO |
|
| 801 | 1 |
_aRU _bNLR _c20010205 |
|
| 852 |
_aNLR _j2001-3/642 |
||
| 942 | _cBOOK | ||
| 980 | _aNB | ||